LEADER 02133nam0 22004453i 450 001 RAV0148091 005 20251003044325.0 100 $a19910628d1981 ||||0itac50 ba 101 | $aita$cita 102 $ait 181 1$6z01$ai $bxxxe 182 1$6z01$an 183 1$6z01$anc$2RDAcarrier 200 1 $aˆIl ‰paese stretto$estrategie matrimoniali nella diocesi di Como, secoli 16.-18.$fRaul Merzario 210 $aTorino$cEinaudi$d[1981] 215 $a157 p.$d21 cm 225 | $aMicrostorie$v3 410 0$1001CFI0020573$12001 $aMicrostorie$v3 500 10$aˆIl ‰paese stretto$3VIA0449945$9CFIV110102$9298815 606 $aMatrimonio$xComo$xSec. 16.-18.$2FIR$3SBLC011994$9I 676 $a301$9Sociologia e Antropologia$v14 676 $a301.42$9Famiglia$v19 676 $a301.42094523$9STRUTTURA SOCIALE. FAMIGLIA E MATRIMONI. Province di Como e Lecco$v23 676 $a306.8094523$9CULTURA E ISTITUZIONI. Matrimonio e famiglia. Como e Lecco $v19 676 $a306.8094523$9$v20 676 $a306.8094523$9CULTURA E ISTITUZIONI. MATRIMONIO E FAMIGLIA. Como e Lecco $v21 676 $a306.81$9CULTURA E ISTITUZIONI. Matrimonio e stato civile$v14 676 $a306.810945231$9MATRIMONIO. COMO$v20 676 $a306.810945231$9MATRIMONIO E FAMIGLIA. ITALIA. Comune di Como$v21 676 $a945.23$9Storia di Como $v12 700 1$aMerzario$b, Raul$3CFIV110102$4070$0119690 801 3$aIT$bIT-000000$c19910628 850 $aIT-BN0095 $aIT-SA0060 $aIT-NA0043 901 $bNAP 27$cCARRANO $nLibri donati dal libraio Umberto Carrano 901 $bNAP 01$cPOZZO LIB.$nVi sono collocati fondi di economia, periodici di ingegneria e scienze, periodici di economia e statistica e altri fondi comprendenti documenti di economia pervenuti in dono. 912 $aRAV0148091 950 0$aBiblioteca Centralizzata di Ateneo$c1 v.$d 01POZZO LIB.DONI DEMM 287$e 01 0000090515E VMA 1 v.$fB $h20230316$i20230316 977 $a 01$a 27$a AN 996 $aPaese stretto$9298815 997 $aUNISANNIO